header

The art of poetry (Record no. 37733)

MARC details
000 -LEADER
fixed length control field 01132nam a2200301Ia 4500
100 1# - MAIN ENTRY--AUTHOR NAME
Personal name Weiss, Shira Wolosky,
245 14 - TITLE STATEMENT
Title The art of poetry
260 ## - PUBLICATION, DISTRIBUTION, ETC. (IMPRINT)
Place of publication Oxford :
Name of publisher Oxford University Press,
Year of publication 2008.
300 ## - PHYSICAL DESCRIPTION
Number of Pages xi, 230 p.
650 #0 - SUBJECT ADDED ENTRY--TOPICAL TERM
Topical Term English language
Topical Term Poetics.
Topical Term Poetry.
856 40 - ELECTRONIC LOCATION AND ACCESS
Uniform Resource Identifier http://site.ebrary.com/lib/rucke/Doc?id=10237119

No items available.

© 2026 Rongo University
Contact us: librarian | system librarian | Rongo university